<?xml version="1.0" encoding="UTF-8"?>
<record
    xmlns:xsi="http://www.w3.org/2001/XMLSchema-instance"
    xsi:schemaLocation="http://www.loc.gov/MARC21/slim http://www.loc.gov/standards/marcxml/schema/MARC21slim.xsd"
    xmlns="http://www.loc.gov/MARC21/slim">

  <leader>02335cam a2200637   4500</leader>
  <datafield tag="999" ind1=" " ind2=" ">
    <subfield code="c">23388</subfield>
    <subfield code="d">23388</subfield>
  </datafield>
  <controlfield tag="001">vtls011779250</controlfield>
  <controlfield tag="005">20221006121106.0</controlfield>
  <controlfield tag="008">180917s2018    xo     gr     010 fdslo  </controlfield>
  <datafield tag="020" ind1=" " ind2=" ">
    <subfield code="a">9788055631868</subfield>
    <subfield code="q">(viazan&#xE9;)</subfield>
  </datafield>
  <datafield tag="040" ind1=" " ind2=" ">
    <subfield code="a">PPPK</subfield>
    <subfield code="b">slo</subfield>
    <subfield code="c">PPPK</subfield>
    <subfield code="d">SNK</subfield>
    <subfield code="e">rda</subfield>
  </datafield>
  <datafield tag="041" ind1="1" ind2=" ">
    <subfield code="a">slo</subfield>
    <subfield code="h">eng</subfield>
  </datafield>
  <datafield tag="044" ind1=" " ind2=" ">
    <subfield code="a">xo</subfield>
    <subfield code="c">SK</subfield>
  </datafield>
  <datafield tag="072" ind1=" " ind2="7">
    <subfield code="a">821.111-3</subfield>
    <subfield code="x">Anglick&#xE1; pr&#xF3;za, anglicky p&#xED;san&#xE1;</subfield>
    <subfield code="2">konspekt</subfield>
  </datafield>
  <datafield tag="072" ind1=" " ind2="7">
    <subfield code="a">929</subfield>
    <subfield code="x">Biografie</subfield>
    <subfield code="2">konspekt</subfield>
  </datafield>
  <datafield tag="080" ind1=" " ind2=" ">
    <subfield code="a">821.111-31</subfield>
    <subfield code="2">2011</subfield>
  </datafield>
  <datafield tag="080" ind1=" " ind2=" ">
    <subfield code="a">929.731-055.2</subfield>
    <subfield code="2">2011</subfield>
  </datafield>
  <datafield tag="080" ind1=" " ind2=" ">
    <subfield code="a">929.731-058.833</subfield>
    <subfield code="2">2011</subfield>
  </datafield>
  <datafield tag="080" ind1=" " ind2=" ">
    <subfield code="a">(410.1)</subfield>
    <subfield code="2">2011</subfield>
  </datafield>
  <datafield tag="080" ind1=" " ind2=" ">
    <subfield code="a">(0:82-311.6)</subfield>
    <subfield code="2">2011</subfield>
  </datafield>
  <datafield tag="080" ind1=" " ind2=" ">
    <subfield code="a">(0:82-312.6)</subfield>
    <subfield code="2">2011</subfield>
  </datafield>
  <datafield tag="100" ind1="1" ind2=" ">
    <subfield code="a">Gregory, Philippa,</subfield>
    <subfield code="d">1954-</subfield>
    <subfield code="4">aut</subfield>
    <subfield code="9">3578</subfield>
  </datafield>
  <datafield tag="240" ind1="1" ind2="4">
    <subfield code="a">The Other Boleyn Girl</subfield>
    <subfield code="l">Slovensky</subfield>
  </datafield>
  <datafield tag="245" ind1="1" ind2="0">
    <subfield code="a">Druh&#xE1; Boleynov&#xE1;</subfield>
    <subfield code="c">Philippa Gregory ; z angli&#x10D;tiny prelo&#x17E;il Otakar Ko&#x159;&#xED;nek</subfield>
  </datafield>
  <datafield tag="246" ind1="1" ind2=" ">
    <subfield code="i">Ob&#xE1;lkov&#xFD; podn&#xE1;zov:</subfield>
    <subfield code="a">Dve sestry s&#xFA;peria o to najcennej&#x161;ie. O l&#xE1;sku kr&#xE1;&#x13E;a</subfield>
  </datafield>
  <datafield tag="246" ind1="1" ind2=" ">
    <subfield code="i">S&#xE9;rie:</subfield>
    <subfield code="a">&#x17D;eny Tudorovcov</subfield>
  </datafield>
  <datafield tag="264" ind1=" " ind2="1">
    <subfield code="a">Bratislava</subfield>
    <subfield code="b">Slovart</subfield>
    <subfield code="c">2018</subfield>
  </datafield>
  <datafield tag="300" ind1=" " ind2=" ">
    <subfield code="a">548 str&#xE1;n</subfield>
    <subfield code="c">24 cm</subfield>
  </datafield>
  <datafield tag="336" ind1=" " ind2=" ">
    <subfield code="a">text</subfield>
    <subfield code="b">txt</subfield>
    <subfield code="2">rdacontent</subfield>
  </datafield>
  <datafield tag="337" ind1=" " ind2=" ">
    <subfield code="a">bez m&#xE9;dia</subfield>
    <subfield code="b">nc</subfield>
    <subfield code="2">rdamedia</subfield>
  </datafield>
  <datafield tag="338" ind1=" " ind2=" ">
    <subfield code="a">zv&#xE4;zok</subfield>
    <subfield code="b">nc</subfield>
    <subfield code="2">rdacarrier</subfield>
  </datafield>
  <datafield tag="600" ind1="1" ind2="7">
    <subfield code="a">Boleyn, Mary,</subfield>
    <subfield code="d">1499-1543</subfield>
    <subfield code="2">SNKMA</subfield>
    <subfield code="9">3604</subfield>
  </datafield>
  <datafield tag="600" ind1="1" ind2="7">
    <subfield code="a">Boleyn, Anna,</subfield>
    <subfield code="c">kr&#xE1;&#x13E;ovn&#xE1;, man&#x17E;elka Henricha VIII., anglick&#xE9;ho kr&#xE1;&#x13E;a,</subfield>
    <subfield code="d">1485-1536</subfield>
    <subfield code="2">SNKMA</subfield>
    <subfield code="9">3605</subfield>
  </datafield>
  <datafield tag="600" ind1="0" ind2="7">
    <subfield code="a">Henrich</subfield>
    <subfield code="b">VIII.,</subfield>
    <subfield code="c">anglick&#xFD; kr&#xE1;&#x13E;,</subfield>
    <subfield code="d">1491-1547</subfield>
    <subfield code="2">SNKMA</subfield>
    <subfield code="9">3585</subfield>
  </datafield>
  <datafield tag="600" ind1="3" ind2="7">
    <subfield code="a">Tudor (rod)</subfield>
    <subfield code="2">SNKMA</subfield>
    <subfield code="9">3599</subfield>
  </datafield>
  <datafield tag="648" ind1=" " ind2="7">
    <subfield code="a">1521-1536</subfield>
    <subfield code="2">SNKPH</subfield>
    <subfield code="9">3606</subfield>
  </datafield>
  <datafield tag="648" ind1=" " ind2="7">
    <subfield code="a">16. storo&#x10D;ie</subfield>
    <subfield code="2">SNKPH</subfield>
    <subfield code="9">3592</subfield>
  </datafield>
  <datafield tag="648" ind1=" " ind2="7">
    <subfield code="a">16th Centhury</subfield>
    <subfield code="2">SNKPHeng</subfield>
    <subfield code="9">3601</subfield>
  </datafield>
  <datafield tag="650" ind1="0" ind2="7">
    <subfield code="a">panovn&#xED;&#x10D;ky</subfield>
    <subfield code="2">SNKPH</subfield>
    <subfield code="9">2907</subfield>
  </datafield>
  <datafield tag="650" ind1="0" ind2="7">
    <subfield code="a">man&#x17E;elky panovn&#xED;kov</subfield>
    <subfield code="2">SNKPH</subfield>
    <subfield code="9">3602</subfield>
  </datafield>
  <datafield tag="650" ind1="0" ind2="7">
    <subfield code="a">milenky panovn&#xED;kov</subfield>
    <subfield code="2">SNKPH</subfield>
    <subfield code="9">3603</subfield>
  </datafield>
  <datafield tag="650" ind1="0" ind2="7">
    <subfield code="a">Queens and empresses</subfield>
    <subfield code="2">SNKPHeng</subfield>
    <subfield code="9">2908</subfield>
  </datafield>
  <datafield tag="650" ind1="0" ind2="7">
    <subfield code="a">Rulers&#x2019; spouses</subfield>
    <subfield code="2">SNKPHeng</subfield>
    <subfield code="9">3607</subfield>
  </datafield>
  <datafield tag="651" ind1=" " ind2="7">
    <subfield code="a">Anglicko</subfield>
    <subfield code="2">SNKPHgeo</subfield>
    <subfield code="9">3581</subfield>
  </datafield>
  <datafield tag="651" ind1=" " ind2="7">
    <subfield code="a">England</subfield>
    <subfield code="2">SNKPHeng</subfield>
    <subfield code="9">3582</subfield>
  </datafield>
  <datafield tag="655" ind1=" " ind2="7">
    <subfield code="a">anglick&#xE9; rom&#xE1;ny</subfield>
    <subfield code="2">SNKPH</subfield>
    <subfield code="9">8</subfield>
  </datafield>
  <datafield tag="655" ind1=" " ind2="7">
    <subfield code="a">historick&#xE9; rom&#xE1;ny</subfield>
    <subfield code="2">SNKPH</subfield>
    <subfield code="9">1688</subfield>
  </datafield>
  <datafield tag="655" ind1=" " ind2="7">
    <subfield code="a">biografick&#xE9; rom&#xE1;ny</subfield>
    <subfield code="2">SNKPH</subfield>
    <subfield code="9">2126</subfield>
  </datafield>
  <datafield tag="655" ind1=" " ind2="7">
    <subfield code="a">English fiction</subfield>
    <subfield code="2">SNKPHeng</subfield>
    <subfield code="9">9</subfield>
  </datafield>
  <datafield tag="655" ind1=" " ind2="7">
    <subfield code="a">Historical novels</subfield>
    <subfield code="2">SNKPHeng</subfield>
    <subfield code="9">1689</subfield>
  </datafield>
  <datafield tag="655" ind1=" " ind2="7">
    <subfield code="a">Biographical novels</subfield>
    <subfield code="2">SNKPHeng</subfield>
    <subfield code="9">2127</subfield>
  </datafield>
  <datafield tag="700" ind1="1" ind2=" ">
    <subfield code="a">Ko&#x159;&#xED;nek, Otakar,</subfield>
    <subfield code="d">1946-</subfield>
    <subfield code="4">trl</subfield>
    <subfield code="9">3589</subfield>
  </datafield>
  <datafield tag="958" ind1=" " ind2=" ">
    <subfield code="a">LX</subfield>
  </datafield>
  <datafield tag="958" ind1=" " ind2=" ">
    <subfield code="a">UP</subfield>
  </datafield>
  <datafield tag="958" ind1=" " ind2=" ">
    <subfield code="a">BC</subfield>
  </datafield>
  <datafield tag="952" ind1=" " ind2=" ">
    <subfield code="0">0</subfield>
    <subfield code="1">0</subfield>
    <subfield code="2">udc</subfield>
    <subfield code="4">0</subfield>
    <subfield code="7">0</subfield>
    <subfield code="8">K</subfield>
    <subfield code="a">10000</subfield>
    <subfield code="b">10000</subfield>
    <subfield code="d">2022-10-06</subfield>
    <subfield code="g">9.00</subfield>
    <subfield code="i">21721</subfield>
    <subfield code="l">3</subfield>
    <subfield code="o">B10532</subfield>
    <subfield code="p">B10532</subfield>
    <subfield code="r">2024-10-04</subfield>
    <subfield code="s">2024-09-16</subfield>
    <subfield code="w">2022-10-06</subfield>
    <subfield code="y">KLDO</subfield>
  </datafield>
</record>
